000 00542nam a22001697a 4500
003 OSt
005 20221006144726.0
008 221006b |||||||| |||| 00| 0 eng d
020 _a978-0-9774079-5-8
040 _cBiblioteca Lado V
082 _a708
_bB258p
100 _982
_aBarlow, Margaret
_eeditora
245 _a3 Perspectives/
_bEugenio espinoza/ Alvaro Oyarzun/ Jose Alejandro Restrepo/
260 _aMiami
_bCisneros Fontanals Art Foundation
_c2007
300 _a60p.
_c15x22cm
942 _2ddc
_c1
_h708
_iB258p
_n0
999 _c2192
_d2192